Struggle and survival in Palestine/Israel / (Record no. 14401)

000 -LEADER
fixed length control field 01629cam a2200421 a 4500
001 - CONTROL NUMBER
control field 17161828
005 - DATE AND TIME OF LATEST TRANSACTION
control field 20170105102854.0
008 - FIXED-LENGTH DATA ELEMENTS--GENERAL INFORMATION
fixed length control field 120213s2012 caub b 001 0 eng
010 ## - LIBRARY OF CONGRESS CONTROL NUMBER
LC control number 2012006363
020 ## - INTERNATIONAL STANDARD BOOK NUMBER
International Standard Book Number 9780520262522 (cloth : alk. paper)
020 ## - INTERNATIONAL STANDARD BOOK NUMBER
International Standard Book Number 9780520262539 (pbk. : alk. paper)
040 ## - CATALOGING SOURCE
Original cataloging agency DLC
Transcribing agency DLC
Modifying agency DLC
042 ## - AUTHENTICATION CODE
Authentication code pcc
043 ## - GEOGRAPHIC AREA CODE
Geographic area code a-is---
050 00 - LIBRARY OF CONGRESS CALL NUMBER
Classification number DS125
Item number .S77 2012
082 00 - DEWEY DECIMAL CLASSIFICATION NUMBER
Classification number 956.94
Edition number 23
245 00 - TITLE STATEMENT
Title Struggle and survival in Palestine/Israel /
Statement of responsibility, etc. edited by Mark LeVine and Gershon Shafir.
260 ## - PUBLICATION, DISTRIBUTION, ETC.
Place of publication, distribution, etc. Berkeley :
Name of publisher, distributor, etc. University of California Press,
Date of publication, distribution, etc. c2012.
300 ## - PHYSICAL DESCRIPTION
Extent xii, 459 p. :
Other physical details map ;
Dimensions 24 cm.
504 ## - BIBLIOGRAPHY, ETC. NOTE
Bibliography, etc. note Includes bibliographical references and index.
650 #0 - SUBJECT ADDED ENTRY--TOPICAL TERM
Topical term or geographic name entry element Cities and towns
Geographic subdivision Palestine
General subdivision History.
650 #0 - SUBJECT ADDED ENTRY--TOPICAL TERM
Topical term or geographic name entry element Jews
Geographic subdivision Palestine
General subdivision History
Chronological subdivision 19th century.
650 #0 - SUBJECT ADDED ENTRY--TOPICAL TERM
Topical term or geographic name entry element Jews
Geographic subdivision Palestine
General subdivision History
Chronological subdivision 20th century.
650 #0 - SUBJECT ADDED ENTRY--TOPICAL TERM
Topical term or geographic name entry element Palestinian Arabs
General subdivision History
Chronological subdivision 19th century.
650 #0 - SUBJECT ADDED ENTRY--TOPICAL TERM
Topical term or geographic name entry element Palestinian Arabs
General subdivision History
Chronological subdivision 20th century.
650 #0 - SUBJECT ADDED ENTRY--TOPICAL TERM
Topical term or geographic name entry element Arab-Israeli conflict
General subdivision Influence.
651 #0 - SUBJECT ADDED ENTRY--GEOGRAPHIC NAME
Geographic name Palestine
General subdivision History
Chronological subdivision 1799-1917.
651 #0 - SUBJECT ADDED ENTRY--GEOGRAPHIC NAME
Geographic name Palestine
General subdivision History
Chronological subdivision 1917-1948.
651 #0 - SUBJECT ADDED ENTRY--GEOGRAPHIC NAME
Geographic name Palestine
General subdivision Social conditions
Chronological subdivision 19th century.
651 #0 - SUBJECT ADDED ENTRY--GEOGRAPHIC NAME
Geographic name Palestine
General subdivision Economic conditions
Chronological subdivision 19th century.
651 #0 - SUBJECT ADDED ENTRY--GEOGRAPHIC NAME
Geographic name Palestine
General subdivision Social conditions
Chronological subdivision 20th century.
651 #0 - SUBJECT ADDED ENTRY--GEOGRAPHIC NAME
Geographic name Palestine
General subdivision Economic conditions
Chronological subdivision 20th century.
700 1# - ADDED ENTRY--PERSONAL NAME
Personal name LeVine, Mark,
Dates associated with a name 1966-
700 1# - ADDED ENTRY--PERSONAL NAME
Personal name Shafir, Gershon.
906 ## - LOCAL DATA ELEMENT F, LDF (RLIN)
a 7
b cbc
c orignew
d 1
e ecip
f 20
g y-gencatlg
942 ## - ADDED ENTRY ELEMENTS (KOHA)
Source of classification or shelving scheme
Koha item type Book
Holdings
Withdrawn status Lost status Damaged status Not for loan Collection code Permanent Location Current Location Shelving location Date acquired Total Checkouts Full call number Barcode Date last seen Price effective from Koha item type
          Centre for International Peace & Stability (CIPS) Centre for International Peace & Stability (CIPS) General Stacks 08/22/2013   956.94 STR 2012 CIPS0000765 08/22/2013 08/22/2013 Book
© 2023 Central Library, National University of Sciences and Technology. All Rights Reserved.